CJ2 (Record no. 81453)
[ view plain ]
| 000 -LEADER | |
|---|---|
| fixed length control field | 00925cab a22001935a 4500 |
| 001 - CONTROL NUMBER | |
| control field | L147252 |
| 008 - FIXED-LENGTH DATA ELEMENTS--GENERAL INFORMATION | |
| fixed length control field | 090421e20090325xxkd f s 000 0 eng d |
| 035 ## - SYSTEM CONTROL NUMBER | |
| System control number | (Sirsi) u147252 |
| 041 0# - LANGUAGE CODE | |
| Language code of text/sound track or separate title | eng |
| 100 1# - MAIN ENTRY--PERSONAL NAME | |
| Personal name | Leitch, John |
| 245 00 - TITLE STATEMENT | |
| Title | CJ2 |
| Remainder of title | Now big is best |
| 260 ## - PUBLICATION, DISTRIBUTION, ETC. | |
| Date of publication, distribution, etc. | 2009 |
| 490 ## - SERIES STATEMENT | |
| Series statement | Contract Journal |
| Volume/sequential designation | 446 (6716) 25 March 2009, 21-26 (4) |
| 520 ## - SUMMARY, ETC. | |
| Summary, etc. | Lists top contractors by pre-tax profit for 2008. Suggests that the top 20 contractors will have a strong advantage over the others in 2009, due to their good results in 2008 and their long term frameworks. In contrast, the 200 following contractors in the table might find the year 2009 difficult because of lower credit insurance cover. Presents share price changes for 2008 for contractors and consultants, housebuilders, suppliers and plants. |
| 590 ## - LOCAL NOTE (RLIN) | |
| Local note | KA |
| 651 #4 - SUBJECT ADDED ENTRY--GEOGRAPHIC NAME | |
| Geographic name | United Kingdom |
| Chronological subdivision | |
| 690 ## - LOCAL SUBJECT ADDED ENTRY--TOPICAL TERM (OCLC, RLIN) | |
| Topical term or geographic name as entry element | BUILT ENVIRONMENT-CONSTRUCTION MARKET |
| 942 ## - ADDED ENTRY ELEMENTS (KOHA) | |
| Suppress in OPAC | 0 |
| Withdrawn status | Lost status | Source of classification or shelving scheme | Damaged status | Not for loan | Home library | Current library | Shelving location | Date acquired | Total Checkouts | Full call number | Barcode | Date last seen | Copy number | Price effective from | Koha item type |
|---|---|---|---|---|---|---|---|---|---|---|---|---|---|---|---|
| Dewey Decimal Classification | London | London | Journal article | 21/04/2009 | ONLINE PUBLICATION | 147252-1001 | 06/08/2019 | 1 | 06/08/2019 | Journal article |